| 000 | 00660nam a22002177a 4500 | ||
|---|---|---|---|
| 003 | BUBTL | ||
| 008 | 140129b xxu||||| |||| 00| 0 eng d | ||
| 020 | _a0-03-025809-x | ||
| 082 |
_a658.15 _bREF |
||
| 100 |
_943 _aReilly, Frank K. |
||
| 245 |
_aInvestment analysis & Portfolio management _cby Frank K. Reilly, Keith C. Broun. |
||
| 250 | _a6th ed. | ||
| 260 |
_aNew York, _bThe Dryden, _cc2000 |
||
| 300 |
_a[xxxii] , 1241p . : _bill , Chart , Table ; 27cm . _cFinance . |
||
| 500 | _aIncludes Index . | ||
| 650 | 0 |
_915 _aInvestment |
|
| 700 |
_9106 _aBroun, Keith C. |
||
| 856 |
_k0 _l0 _yDownload |
||
| 942 |
_2ddc _cBK |
||
| 999 |
_c87 _d87 |
||